000 01036cam a2200277 4500
008 000000n2000 000 0 eng u
020 _a0860175332
035 _a(Sirsi) u106114
050 _a333.72
100 _aUren, S.
110 _aConstruction Industry Research and Information Association
_94810
245 _aEnvironmental management in construction.
260 _aLondon
_bCIRIA
_c2000
300 _axi,94p. ; 30cm.
350 _a45.00
490 _aCIRIA Publication
_vC533
520 _aGuidance for companies in the construction sector that are considering, or already tackling, environmental management. Includes a simple list of do's and don'ts and estimates some of the costs and resources required.
650 _aENVIRONMENTAL MANAGEMENT SYSTEMS
650 _aISO 14001: 1996
650 _aEMS
650 _aENVIRONMENTAL SUPPLY CHAIN MANAGEMENT
650 _aCONSTRUCTION INDUSTRY
690 _aENVIRONMENTAL AND LAND CONSULTANCY-ENVIRONMENTAL MANAGEMENT
700 _aGriffiths, E.
942 _n0
999 _c100519
_d100519